000 00202nam a2200085Ia 4500
008 120527s9999 xx 000 0 und d
100 _aGaines & Miller
245 _aCriminal justice in Action
942 _cBK
999 _c27736
_d27736